[Event "Oslo ASKO Hostturnering"]
[Site "Oslo"]
[Date "2006.12.05"]
[Round "7"]
[White "Valle, Lars"]
[Black "Fredriksen, Jan Gunnar"]
[Result "0-1"]
[WhiteElo "1505"]
[BlackElo "1788"]
[PlyCount "81"]
[EventDate "2006.09.12"]
[EventType "swiss"]
[EventRounds "7"]
[EventCountry "NOR"]
[SourceTitle "EXT 2008"]
[Source "ChessBase"]
[SourceDate "2007.11.25"]
[SourceVersion "1"]
[SourceVersionDate "2007.11.25"]
[SourceQuality "1"]

1. g4 d5 2. Bg2 Bxg4 3. c4 dxc4 4. Bxb7 Nd7 5. Qa4 e5 6. Bxa8 Qxa8 7. f3 Be6 8. e4 Ngf6 9. Nc3 Bc5 10. Qc2 0-0 11. b3 cxb3 12. axb3 Rb8 13. Rb1 Qb7 14. Na4 Bd6 15. b4 Bxb4 16. Rb2 c5 17. Ne2 a5 18. Kf2 Qa7 19. d3 Rc8 20. Be3 Qa6 21. Rc1 Ba3 22. Rcb1 Bxb2 23. Rxb2 c4 24. d4 exd4 25. Nxd4 Qd6 26. Qc3 Qxh2+ 27. Kf1 Bh3+ 28. Ke1 Qh1+ 29. Kd2 Ne5 30. Nb6 Nxf3+ 31. Kc2 Nxe4 32. Qxa5 Rf8 33. Nxc4 Qg2+ 34. Kb3 Nxd4+ 35. Bxd4 Qf3+ 36. Kb4 Qf5 37. Qc7 Rc8 38. Qh2 Nc5 39. Kc3 Qd3+ 40. Kb4 Qxd4 41. Qxh3 0-1